1019 1003 1191 1668 1688 1612 1678 1854 1823 1958 1855 1821 1190 1682 1905 1017 1403 1248 1944 1011 1016 1000 1516 1684 1719 1898 1206 1111 1094 1683 1262 1922 1722 1259 1085 1297 1895 1797 1151 1749 1122 1445 1365 1725 1350 1458 1107 1277 1549 1494 1808 1736 1088 1112 1014 1111 1508 1464 1112 1333 1596 1075 1170 1533 1890 1353 1818 1400 1623 1146 1374 1773 1814 1756 1426 1389 1881 1726 1818 1770 1285 1406 1213 1009 1319 1473 1414 1577 1484 1154 1422 1933 1008 1352 1916 1534 1246 1303 1746 BCNSPRNW ULIB Ver.6.0+V

เปลี่ยนเป็นภาษาไทย

Change to English
 แสดงรายละเอียดบรรณานุกรม
  กลับหน้าหลัก

Brief Record : Get Marc (ISO 2709) : E-mail record : QR code < ปิดหน้าต่าง
LEADER : 00000nam 2200000uu 4500
001    13399120029
003     ULIB
008    120822s2555||||th 000 0 tha d
020    ^a9789746522489
060  4 ^aWS290^bบ436ก
100 0  ^aบุญชู ศิริจงกลทอง
245 00 ^aกุมารเวชศาสตร์โรคหัวใจ /^cคณะบรรณาธิการ บุญชู ศิริจงกลทอง
250    ^aพิมพ์ครั้งที่ 1
260    ^aกรุงเทพฯ :^bไอกรุ๊ป เพรส,^c2555
300    ^axv, 662 หน้า :^bภาพประกอบ
650  7 ^aหัวใจ^xโรค^xในวัยทารกและเด็ก
650  7 ^aโรคหัวใจและหลอดเลือด^xในวัยทารกและเด็ก
650  7 ^aเด็ก^xโรคหัวใจ
710 1  ^aชมรมกุมารแพทย์โรคหัวใจแห่งประเทศไทย
945    ^p950^l0^i032515
945    ^p950^l0^i032516
995    ^aเกษร
999 ^a ใช้งานได้ทุกระบบ
รายการนี้ยังไม่มีแท็ก
คุณยังไม่ได้ล็อกอิน คุณสามารถมีกิจกรรมร่วมกับเว็บไซต์ได้ แต่ต้องล็อกอินก่อน ::
  ล็อกอิน

รายการสื่อสารสนเทศ

ลำดับที่ ประเภท เลขเรียก/บาร์โค้ด สถานที่ สถานะ
1. วิทยาศาสตร์การแพทย์ และสุขภาพ
หนังสือสำรอง
สถานะ=หนังสือสำรอง
WS290 บ436ก ฉ.1 
  Barcode: 032515
ห้องสมุดวิทยาเขตสวรรค์ประชารักษ์
►ส่วนจัดเก็บหนังสือเก่า สปร
บนชั้น
  ขอยืม
2. วิทยาศาสตร์การแพทย์ และสุขภาพ
วิทยาศาสตร์การแพทย์ และสุขภาพ
WS290 บ436ก ฉ.2 
  Barcode: 032516
ห้องสมุดวิทยาเขตสวรรค์ประชารักษ์
►ส่วนจัดเก็บหนังสือเก่า สปร
บนชั้น
  ขอยืม

รายการใกล้เคียง
    ผู้แต่ง [บุญชู ศิริจงกลทอง]

BibComment


ยังไม่เคยถูกคอมเมนท์

คอมเมนท์ทรัพยากรรายการนี้
  คอมเมนท์: กุมารเวชศาสตร์โร..


 Copyright 2026. Bcnsprnw @Library